000
00282nam a2200097Ia 4500
008
240331s9999 xx 000 0 und d
082
_b
WIJ
100
_a
Wijesriwardhana, S
245
0
_a
Naveenathuvathin nerukkadikalum sirantha manuda ulakai nirmanippathatkana vaippukkalum
942
_c
L
999
_c
4261
_d
4261